El cuaderno escolar de ciencias sociales : saberes y prácticas en el aula /

Bibliographic Details
Main Author: Sánchez Vásquez, Nubia Astrid (Author)
Format: Electronic eBook
Language:Spanish
Published: Bogotá, Colombia : Editorial Aula de Humanidades, 2025.
Edition:Primera edición.
Series:Colección Educación y pedagogía (Editorial Aula de Humanidades). Serie Historia de la educación.
Subjects:
Online Access:Digitalia Hispánica

MARC

LEADER 00000nam a2200000Ii 4500
001 DIGAUHUM0120
003 NyNyDIG
006 m o d
007 cr |||||||||||
008 260205s2025 ck ob 001 0 spa d
035 |a (OCoLC)1573182580 
040 |a DGITA  |b eng  |e rda  |e pn  |c DGITA 
020 |a 9786287777637  |q (versión digital) 
020 |z 9786287777620  |q (versión impresa) 
043 |a s-ck--- 
050 1 4 |a LB2157.C7 ebook 
100 1 |a Sánchez Vásquez, Nubia Astrid,  |e author. 
245 1 3 |a El cuaderno escolar de ciencias sociales :  |b saberes y prácticas en el aula /  |c Nubia Astrid Sánchez Vásquez. 
250 |a Primera edición. 
264 1 |a Bogotá, Colombia :  |b Editorial Aula de Humanidades,  |c 2025. 
300 |a 1 online resource. 
336 |a text  |b txt  |2 rdacontent 
337 |a computer  |b c  |2 rdamedia 
338 |a online resource  |b cr  |2 rdacarrier 
347 |a text file  |2 rdaft 
347 |b PDF 
490 1 |a Colección: Educación y pedagogía. Serie: Historia de la educación 
504 |a Includes bibliographical references and indexes. 
588 0 |a Online resource; title from PDF title page (Digitalia, viewed February 5, 2026) 
650 0 |a Student teaching  |z Colombia. 
650 0 |a Social sciences  |x Teacher training. 
650 0 |a Social skills  |x Study and teaching. 
791 2 |a Digitalia (Firm),  |e distributor. 
793 0 |g Digitalia eBook Collection:  |a Editorial Aula de Humanidades 
776 0 8 |i Print version:  |a Sánchez Vásquez, Nubia Astrid.  |t Cuaderno escolar de ciencias sociales.  |b Primera edición.  |d Bogotá, Colombia : Editorial Aula de Humanidades, 2025  |z 9786287777620 
830 0 |a Colección Educación y pedagogía (Editorial Aula de Humanidades).  |p Serie Historia de la educación. 
856 4 0 |3 Digitalia Hispánica  |u https://www.digitaliapublishing.com/a/183720/ 
910 |a Premium collection: 2026